Official Languages of Countries #11 - Statistics

General Stats
  • This quiz has been taken 26 times
    19 since last reset
  • The average score is 12 of 18
Answer Stats
Country Language % Correct
Algeria Arabic
100%
Rwanda English
100%
Tonga English
100%
Bahamas English
100%
Venezuela Spanish
94%
Bulgaria Bulgarian
89%
San Marino Italian
89%
Poland Polish
89%
Armenia Armenian
83%
Rwanda French
83%
Rwanda Swahili
61%
Tonga Tongan
61%
Maldives Dhivehi
50%
Rwanda Kinyarwanda
44%
Burkina Faso Fula
22%
Burkina Faso Bissa
17%
Burkina Faso Mòoré
17%
Burkina Faso Dyula
11%
No matching quizzes found
Score Distribution
Percent of People with Each Score
Percentile by Number Answered
Your Score History
You have not taken this quiz since the last reset